Money, banking, and public finance (Record no. 3520)
[ view plain ]
| 000 -LEADER | |
|---|---|
| fixed length control field | 00415nam a22001337a 4500 |
| 020 ## - INTERNATIONAL STANDARD BOOK NUMBER | |
| International Standard Book Number | 9789327219951 |
| 082 ## - DEWEY DECIMAL CLASSIFICATION NUMBER | |
| Classification number | 332.1 |
| 100 ## - MAIN ENTRY--PERSONAL NAME | |
| Personal name | Paul R. R |
| 245 ## - TITLE STATEMENT | |
| Title | Money, banking, and public finance |
| 260 ## - PUBLICATION, DISTRIBUTION, ETC. | |
| Place of publication, distribution, etc. | Ludhiana |
| Name of publisher, distributor, etc. | Kalyani publishers |
| Date of publication, distribution, etc. | 2004 |
| 300 ## - PHYSICAL DESCRIPTION | |
| Extent | 249p |
| 942 ## - ADDED ENTRY ELEMENTS (KOHA) | |
| Koha item type | Book |
| Withdrawn status | Lost status | Damaged status | Not for loan | Collection code | Permanent Location | Current Location | Shelving location | Date acquired | Total Checkouts | Full call number | Barcode | Date last seen | Price effective from | Koha item type |
|---|---|---|---|---|---|---|---|---|---|---|---|---|---|---|
| Central Library (CL) | Central Library (CL) | General Stacks | 07/28/2016 | 332.1 PAU | S3H-S-599 | 07/28/2016 | 07/28/2016 | Book |
